LEADER 01258nam a2200253 a 4500 001 000000110039 003 CaOOAMICUS 005 20080225102623.0 008 080225s2007 oru 001 u eng d 020 $a1-84113-699-9 040 $aPUL$bita$dLDB 245 04$aThe regulation of unfair commercial practices under EC directive 2005/29 :$bnew rules and new techniques /$cedited by Stephen Weatherill and Ulf Bernitz. 260 $aOxford ;$aPortland :$bHart Publishing,$cc2007. 300 $ax, 290 p. ;$c23 cm. 504 $aContiene riferimenti bibliografici e indici 650 14$aDiritto commerciale$zEuropa.$0(OLS)http://pul/subject/29785 700 1 $aBernitz, Ulf.$0(OLS)http://pul/name/53268 700 1 $aWeatherill, Stephen.$0(OLS)http://pul/name/64445 850 $aPUL 852 $aPUL$W1$xSL Diritto e Scienze Sociali 3$y79$m343. 40 WEAST 1$j126018$qDDC 21$B124746$CPULBib$Z2$F124746 $H105777 $82 941 1 $a9 996 $6020$a1-84113-699-9$9(OLS)http://pul/number/137145 996 $6245$aThe regulation of unfair commercial practices under EC directive 2005/29 :$bnew rules and new techniques$9(OLS)http://pul/title/138363 996 $6260$aOxford ;$aPortland :$bHart Publishing$9(OLS)http://pul/publisher/77499 LEADER 01611namaa2200313 i 4500 001 000000177222 003 CaOOAMICUS 005 20240912115235.0 007 tu 008 240912s2023 it m 000 u eng r 040 $aPUL$bita$erda 100 1 $aMkumbira, Peter,$co.c.d.,$d1978-,$eautore dissertazione.$0(OLS)http://pul/name/113948 245 10$aI lay down my "psychí" so as to take it up again (John 10,17) :$bthe role of the noun "psychí" in the theology of chapter 10 and the entire Gospel of John /$cPeter Mkumbira. 264 1$aRoma :$b[s.n.],$c2023. 300 $a78 pagine ; $c24 cm 336 $atesto$btxt$2rdacontent 337 $asenza mediazione$bn$2rdamedia 338 $avolume$bnc$2rdacarrier 500 $aIl termine "psychí" è traslitterato dal greco. 502 $aEstratto di dissertazione: Pontificia Università Gregoriana, Facoltà di Teologia, n. 7113. 504 $aBibliografia: pagine [55]-72. 630 04$aBiblia.$pN.T.$pIohannes.$lInglese.$2//eng$0(OLS)http://pul/subject/37952 710 2 $aPontificia Università Gregoriana.$bFacoltà di teologia.$kTesi.$0(OLS)http://pul/name/81592 850 $aPUL 852 $aPUL$W1$xDP1 Tesi Pon. Univ. Gregoriana$y40$m2023 B 40$j201210$qTesi$B206176$CPULBib$Z2$F206176 $Hnull $82 941 1 $a16 996 $6245$aI lay down my "psychí" so as to take it up again (John 10,17) :$bthe role of the noun "psychí" in the theology of chapter 10 and the entire Gospel of John$9(OLS)http://pul/title/218730 996 $6264$aRoma :$b[s.n.]$9(OLS)http://pul/publisher/47958